Sports Quiz

Random Sports or NBA Quiz

BEST NBA PLAYER BY TEAM Quiz Stats

 Plays Quiz not verified by Sporcle

Score 0/30 Timer 03:00
0 Plays Today
Team BEST PLAYER FOR THAT TEAM % Correct
New Orleans PelicansAnthony Davis
97.6%
Golden State WarriorsStephen Curry
91%
Cleveland CavaliersLeBron James
91%
Oklahoma City ThunderRussell Westbrook
88.3%
Houston RocketsJames Harden
86.9%
Los Angeles ClippersChris Paul
86.2%
New York KnicksCarmelo Anthony
84.8%
Toronto RaptorsKyle Lowry
83.8%
Chicago BullsJimmy Butler
82.4%
San Antonio SpursKawhi Leonard
82.1%
Dallas MavericksDirk Nowitzki
79.7%
Detroit PistonsAndre Drummond
79%
Charlotte HornetsKemba Walker
79%
Boston CelticsIsaiah Thomas
77.6%
Indiana PacersPaul George
76.9%
Team BEST PLAYER FOR THAT TEAM % Correct
Washington WizardsJohn Wall
75.5%
Los Angeles LakersD'Angelo Russell
73.1%
Miami HeatHassan Whiteside
72.4%
Sacramento KingsDemarcus Cousins
70.3%
Portland Trail BlazersDamian Lillard
70%
Brooklyn NetsBrook Lopez
68.3%
Utah JazzGordon Hayward
65.9%
Memphis GrizzliesMike Conley
60.7%
Philedelphia 76ersBen Simmons
60.3%
Phoenix SunsEric Bledsoe
60%
Atlanta HawksPaul Millsap
56.2%
Milwaukee BucksGiannis Antetokounmpo
49%
Minnesota TimberwolvesKarl Anthony-Towns
45.2%
Orlando MagicNikola Vucevic
41.7%
Denver NuggetsDanilo Gallinari
38.6%

You're not logged in!

Compare scores with friends on all Sporcle quizzes.
OR
Log In

Sporcle TV

Today on Sporcle TV


Watch our educational content, quiz creation guides, and fun videos on Sporcle TV.

Show Comments

Extras

Created Aug 8, 2016ReportNominate
Tags:NBA Quiz, NBA Player, player, team

Top Quizzes Today


Score Distribution

Your Account Isn't Verified!

In order to create a playlist on Sporcle, you need to verify the email address you used during registration. Go to your Sporcle Settings to finish the process.

Report this User

Report this user for behavior that violates our Community Guidelines.

Details: